[Event "Warsaw Maciei Memorial"]
[Site "Warsaw"]
[Date "2022.07.08"]
[Round "5"]
[White "Malec, Sebastian"]
[Black "Warakomski, Tomasz"]
[Result "0-1"]
[WhiteElo "2073"]
[BlackElo "2535"]
[PlyCount "78"]
[EventDate "2022.07.08"]
[EventType "swiss (blitz)"]
[EventRounds "11"]
[EventCountry "POL"]
[SourceTitle "CBM 209 Extra"]
[Source "ChessBase"]
[SourceDate "2022.09.30"]
[SourceVersion "1"]
[SourceVersionDate "2022.09.30"]
[SourceQuality "1"]

1. e4 Nf6 2. e5 Ng8 3. d4 d6 4. f4 Bf5 5. Nf3 dxe5 6. fxe5 e6 7. Bb5+ c6 8. Bd3 Bg4 9. Be3 Ne7 10. Nbd2 Nd5 11. Qe2 Nb4 12. Be4 Nd7 13. a3 Nd5 14. h3 Bh5 15. 0-0-0 b5 16. Rhf1 Be7 17. Kb1 N7b6 18. g4 Bg6 19. h4 Bxa3 20. Bxd5 Nxd5 21. h5 Bxb2 22. hxg6 Nc3+ 23. Kxb2 Nxe2 24. gxf7+ Kxf7 25. Ng5+ Kg6 26. Rf2 Nxd4 27. Ndf3 Nxf3 28. Rxd8 Nxg5 29. Rd6 Rhe8 30. Rxc6 Re7 31. Rf4 a6 32. Rd4 Nf7 33. Bf4 h6 34. Kb3 Raa7 35. Kb4 Ra8 36. Ka5 Nd8 37. Rb6 Rc7 38. Rxa6 Nc6+ 39. Kb6 Rxa6+ 0-1

[Event "Warsaw Maciei Memorial"]
[Site "Warsaw"]
[Date "2021.07.09"]
[Round "11"]
[White "Malec, Sebastian"]
[Black "Maj, Pawel1111"]
[Result "1-0"]
[WhiteElo "2090"]
[BlackElo "2113"]
[PlyCount "75"]
[EventDate "2021.07.09"]
[EventType "swiss (blitz)"]
[EventRounds "11"]
[EventCountry "POL"]
[SourceTitle "CBM 203 Extra"]
[Source "ChessBase"]
[SourceDate "2021.09.30"]
[SourceVersion "1"]
[SourceVersionDate "2021.09.30"]
[SourceQuality "1"]

1. e4 c5 2. Nf3 d6 3. d4 cxd4 4. Qxd4 a6 5. Bc4 Nf6 6. Nc3 Nc6 7. Qd3 g6 8. Bb3 Bg7 9. Bg5 Be6 10. Qd2 0-0 11. h4 Bg4 12. 0-0-0 b5 13. Rde1 Rc8 14. Nd5 Nxd5 15. exd5 Bxf3 16. dxc6 Bxg2 17. Bxe7 Qb6 18. Rhg1 Bxc6 19. h5 d5 20. f4 Rfe8 21. hxg6 Rxe7 22. gxh7+ Kh8 23. Rxg7 Rxe1+ 24. Qxe1 Kxg7 25. Qe5+ Kxh7 26. Qf5+ Kg7 27. Qxc8 Qe3+ 28. Kd1 Qg1+ 29. Kd2 Qf2+ 30. Kd3 Qf3+ 31. Kd4 Qxf4+ 32. Kc5 Qf6 33. Qxc6 Qxb2 34. Qxd5 Qc3+ 35. Kd6 Qf6+ 36. Kc7 Qc3+ 37. Kb6 Qf6+ 38. Ka5 1-0

[Event "Warsaw-ch 68th"]
[Site "Warsaw"]
[Date "2019.11.17"]
[Round "7"]
[White "Malec, Sebastian"]
[Black "Cyra, Dariusz"]
[Result "1-0"]
[WhiteElo "2069"]
[BlackElo "1818"]
[PlyCount "111"]
[EventDate "2019.11.12"]
[EventType "swiss"]
[EventRounds "9"]
[EventCountry "POL"]
[SourceTitle "CBM 193 Extra"]
[Source "ChessBase"]
[SourceDate "2020.01.31"]
[SourceVersion "1"]
[SourceVersionDate "2020.01.31"]
[SourceQuality "1"]

1. c4 e5 2. Nc3 Nf6 3. Nf3 e4 4. Ng5 b5 5. cxb5 d5 6. Qa4 Bd7 7. Nxd5 Nxd5 8. Qxe4+ Be6 9. Nxe6 fxe6 10. Qxe6+ Be7 11. g3 Qd7 12. Bh3 Qxe6 13. Bxe6 Nb6 14. 0-0 N8d7 15. d4 Nf6 16. a4 Rd8 17. Rd1 Nbd5 18. f3 Rd6 19. Bf5 g6 20. Bc2 Nb4 21. Bb3 c5 22. Bh6 cxd4 23. Bg7 Rf8 24. Rac1 Bd8 25. e4 Rd7 26. Bxf8 Kxf8 27. Rc4 Ba5 28. b6 d3 29. bxa7 Rxa7 30. Rc8+ Ke7 31. e5 Nd7 32. Rh8 Nxe5 33. Rxh7+ Kd6 34. Rxa7 Bb6+ 35. Kg2 Bxa7 36. h3 Kc5 37. Rc1+ Kd6 38. f4 Nec6 39. Rd1 Nd4 40. Bc4 Nf5 41. Kf3 Ne3 42. Rxd3+ Nxd3 43. Bxd3 Nf5 44. Bxf5 gxf5 45. g4 Ke6 46. b4 Bd4 47. a5 Bc3 48. a6 Bd4 49. Ke2 Kd5 50. Kd3 Bb6 51. g5 Ke6 52. h4 Ba7 53. h5 Kf7 54. Kc4 Bb8 55. Kd5 Ke7 56. b5 1-0

[Event "Warsaw Najdorf Memorial op-A 17th"]
[Site "Warsaw"]
[Date "2019.07.11"]
[Round "6"]
[White "Choroszej, Aleksander"]
[Black "Malec, Sebastian"]
[Result "1/2-1/2"]
[WhiteElo "2010"]
[BlackElo "2114"]
[PlyCount "65"]
[EventDate "2019.07.06"]
[EventType "swiss"]
[EventRounds "9"]
[EventCountry "POL"]
[SourceTitle "CBM 191 Extra"]
[Source "ChessBase"]
[SourceDate "2019.09.30"]
[SourceVersion "1"]
[SourceVersionDate "2019.09.30"]
[SourceQuality "1"]

1. d4 Nf6 2. c4 e6 3. Nc3 Bb4 4. f3 c5 5. d5 0-0 6. e4 Re8 7. Nge2 d6 8. Nf4 e5 9. Nfe2 Nh5 10. g3 f5 11. exf5 Bxf5 12. Bg2 Bg6 13. 0-0 Bxc3 14. Nxc3 Rf8 15. Ne4 h6 16. Qe2 Qe7 17. Bd2 Nd7 18. Bh3 Kh7 19. Rae1 Rae8 20. Be6 Ndf6 21. Nxf6+ Qxf6 22. Rf2 Bf5 23. f4 Bxe6 24. dxe6 Qg6 25. fxe5 Rxf2 26. Qxf2 Rxe6 27. Bc3 Rxe5 28. Rxe5 dxe5 29. Bxe5 b6 30. Qe2 Nf6 31. Bxf6 Qxf6 32. Kg2 Qd4 33. b3 1/2-1/2

[Event "Warsaw Najdorf Memorial op-A 17th"]
[Site "Warsaw"]
[Date "2019.07.10"]
[Round "5"]
[White "Malec, Sebastian"]
[Black "Derylo, Kamil"]
[Result "1/2-1/2"]
[WhiteElo "2114"]
[BlackElo "2030"]
[PlyCount "81"]
[EventDate "2019.07.06"]
[EventType "swiss"]
[EventRounds "9"]
[EventCountry "POL"]
[SourceTitle "CBM 191 Extra"]
[Source "ChessBase"]
[SourceDate "2019.09.30"]
[SourceVersion "1"]
[SourceVersionDate "2019.09.30"]
[SourceQuality "1"]

1. e4 c5 2. Nf3 Nc6 3. d4 cxd4 4. Nxd4 Nf6 5. Nc3 e5 6. Ndb5 d6 7. Nd5 Nxd5 8. exd5 Nb8 9. a4 Be7 10. Be2 0-0 11. 0-0 f5 12. f4 Nd7 13. Kh1 a6 14. Na3 Bf6 15. Nc4 Qe7 16. a5 h6 17. Ra3 g5 18. fxg5 Bxg5 19. Bd2 Bxd2 20. Qxd2 Kh7 21. Rh3 f4 22. Bd3+ Kg7 23. Qe1 Nc5 24. Rh4 Qf6 25. Nd2 Bf5 26. Bxf5 Qxf5 27. b4 Nd7 28. Ne4 Kh7 29. g4 Qg6 30. g5 h5 31. Qe2 Kg7 32. Rf3 Rh8 33. c4 Rac8 34. Rc3 b6 35. axb6 Nxb6 36. Rhh3 Rhf8 37. Rhf3 Rc7 38. Qd3 Rd8 39. c5 dxc5 40. d6 c4 41. Qe2 1/2-1/2

[Event "Warsaw Najdorf Memorial op-A 17th"]
[Site "Warsaw"]
[Date "2019.07.09"]
[Round "4"]
[White "Szwaj, Jacek"]
[Black "Malec, Sebastian"]
[Result "1/2-1/2"]
[WhiteElo "2000"]
[BlackElo "2114"]
[PlyCount "47"]
[EventDate "2019.07.06"]
[EventType "swiss"]
[EventRounds "9"]
[EventCountry "POL"]
[SourceTitle "CBM 191 Extra"]
[Source "ChessBase"]
[SourceDate "2019.09.30"]
[SourceVersion "1"]
[SourceVersionDate "2019.09.30"]
[SourceQuality "1"]

1. e4 c5 2. Nf3 Nc6 3. d4 cxd4 4. Nxd4 e5 5. Nb5 a6 6. N5c3 Nf6 7. Be3 Qa5 8. f3 Bc5 9. Bxc5 Qxc5 10. Nd2 Nd4 11. Nb3 Nxb3 12. axb3 0-0 13. Bc4 d6 14. Bd5 Nxd5 15. Nxd5 Be6 16. b4 Qa7 17. Ke2 b5 18. g4 Rac8 19. c3 Rc4 20. Qd3 Rfc8 21. Rhd1 Qb7 22. Qe3 R4c6 23. h4 f6 24. h5 1/2-1/2

[Event "Warsaw Najdorf Memorial op-A 17th"]
[Site "Warsaw"]
[Date "2019.07.06"]
[Round "1"]
[White "Malec, Sebastian"]
[Black "Roseneck, Jonas"]
[Result "0-1"]
[WhiteElo "2114"]
[BlackElo "2398"]
[PlyCount "70"]
[EventDate "2019.07.06"]
[EventType "swiss"]
[EventRounds "9"]
[EventCountry "POL"]
[SourceTitle "CBM 191 Extra"]
[Source "ChessBase"]
[SourceDate "2019.09.30"]
[SourceVersion "1"]
[SourceVersionDate "2019.09.30"]
[SourceQuality "1"]

1. e4 c5 2. Nf3 d6 3. d4 cxd4 4. Qxd4 Nc6 5. Bb5 Bd7 6. Bxc6 Bxc6 7. Nc3 Nf6 8. Bg5 e6 9. 0-0-0 Be7 10. Rhe1 0-0 11. Qd2 a6 12. Nd4 Bd7 13. f4 b5 14. e5 dxe5 15. fxe5 Nd5 16. Bxe7 Nxe7 17. Re3 Qc7 18. Ne4 Ng6 19. Ng5 Nxe5 20. Qe2 Nc4 21. Rg3 h6 22. Nh3 e5 23. Nb3 Bf5 24. Rf1 Bg6 25. Nf2 Rac8 26. Ne4 Nd6 27. Nec5 a5 28. Qxe5 a4 29. Rc3 Nc4 30. Qxc7 Rxc7 31. Na1 Rxc5 32. b3 axb3 33. cxb3 Ra8 34. a4 Rg5 35. bxc4 Rxa4 0-1

[Event "Warsaw-chA 67th"]
[Site "Warsaw"]
[Date "2018.11.19"]
[Round "9"]
[White "Malec, Sebastian"]
[Black "Sanz Wawer, Daniel"]
[Result "1/2-1/2"]
[WhiteElo "2132"]
[BlackElo "2192"]
[PlyCount "63"]
[EventDate "2018.11.12"]
[EventType "swiss"]
[EventRounds "9"]
[EventCountry "POL"]
[SourceTitle "CBM 187 Extra"]
[Source "ChessBase"]
[SourceDate "2018.11.04"]
[SourceVersion "1"]
[SourceVersionDate "2018.11.04"]
[SourceQuality "1"]

1. e4 c6 2. d4 d5 3. Nc3 dxe4 4. Nxe4 Bf5 5. Ng3 Bg6 6. Nh3 Nf6 7. Nf4 e5 8. Nxg6 hxg6 9. dxe5 Qa5+ 10. Bd2 Qxe5+ 11. Qe2 Nbd7 12. 0-0-0 Qxe2 13. Bxe2 Bc5 14. f3 0-0-0 15. Bc4 Ne5 16. Bb3 Nd5 17. Rhe1 f6 18. Ne4 Bb6 19. h3 Bc7 20. f4 Nd7 21. Bxd5 cxd5 22. Nc3 Nb6 23. Nb5 Bb8 24. Nd4 Rhe8 25. f5 gxf5 26. Nxf5 Rxe1 27. Rxe1 Be5 28. b3 Rd7 29. Nh4 Rd8 30. Nf5 Rd7 31. Nh4 Rd8 32. Nf5 1/2-1/2

[Event "Warsaw-chA 67th"]
[Site "Warsaw"]
[Date "2018.11.18"]
[Round "8"]
[White "Malec, Sebastian"]
[Black "Jarmula, Lukasz"]
[Result "0-1"]
[WhiteElo "2132"]
[BlackElo "2492"]
[PlyCount "53"]
[EventDate "2018.11.12"]
[EventType "swiss"]
[EventRounds "9"]
[EventCountry "POL"]
[SourceTitle "CBM 187 Extra"]
[Source "ChessBase"]
[SourceDate "2018.11.04"]
[SourceVersion "1"]
[SourceVersionDate "2018.11.04"]
[SourceQuality "1"]

1. e4 c5 2. Nf3 d6 3. d4 cxd4 4. Nxd4 Nf6 5. Nc3 Nc6 6. Bc4 e6 7. Be3 Be7 8. h3 a6 9. a3 Nxd4 10. Qxd4 b5 11. Bb3 Bb7 12. 0-0-0 0-0 13. f4 Bc6 14. f5 e5 15. Qd3 a5 16. g4 b4 17. g5 bxc3 18. gxf6 cxb2+ 19. Kxb2 Bxf6 20. Qc4 Rc8 21. Rhg1 a4 22. Bxa4 Be8 23. Qa6 Ra8 24. Qxd6 Bxa4 25. Bh6 Kh8 26. Qxd8 Rfxd8 27. Bd2 0-1

[Event "Warsaw-chA 67th"]
[Site "Warsaw"]
[Date "2018.11.18"]
[Round "7"]
[White "Podgorski, Maciej"]
[Black "Malec, Sebastian"]
[Result "0-1"]
[WhiteElo "1835"]
[BlackElo "2132"]
[PlyCount "120"]
[EventDate "2018.11.12"]
[EventType "swiss"]
[EventRounds "9"]
[EventCountry "POL"]
[SourceTitle "EXT 2020"]
[Source "ChessBase"]
[SourceDate "2019.10.17"]
[SourceVersion "1"]
[SourceVersionDate "2019.10.17"]
[SourceQuality "1"]

1. e4 c5 2. Nf3 Nc6 3. d4 cxd4 4. Nxd4 Nf6 5. Nc3 d6 6. Be2 g6 7. Be3 Bg7 8. Qd2 Ng4 9. Bxg4 Bxg4 10. f3 Bd7 11. Nxc6 bxc6 12. Bh6 Bf6 13. Rb1 Qa5 14. 0-0 Qe5 15. Ne2 Bg7 16. Bxg7 Qxg7 17. Qd4 0-0 18. Rfd1 Qxd4+ 19. Rxd4 c5 20. Rd2 Bc6 21. Nc3 Rab8 22. Nd5 Rb7 23. c4 Rfb8 24. g4 a5 25. g5 Bxd5 26. exd5 Rb4 27. Rc2 a4 28. Kf2 e5 29. dxe6 fxe6 30. Kg3 Kf7 31. h4 e5 32. Kf2 Ke6 33. Ke3 R8b7 34. Kf2 d5 35. cxd5+ Kxd5 36. Kg3 c4 37. Rd1+ Ke6 38. Rdd2 a3 39. bxa3 Ra4 40. Rc3 Rc7 41. Kf2 Rc5 42. Ke3 Rd5 43. Rb2 Rd4 44. Rb6+ Kd5 45. h5 gxh5 46. Rb7 h4 47. Rxh7 Ra6 48. Rh6 Rxh6 49. gxh6 h3 50. Rc1 Rh4 51. Rh1 Rxh6 52. a4 Kc5 53. Ke4 Rh5 54. a3 h2 55. f4 exf4 56. Kxf4 c3 57. Ke3 Kc4 58. a5 c2 59. a6 Ra5 60. Rxh2 c1Q+ 0-1

[Event "Warsaw-chA 67th"]
[Site "Warsaw"]
[Date "2018.11.12"]
[Round "1"]
[White "Heberla, Bartlomiej"]
[Black "Malec, Sebastian"]
[Result "1-0"]
[WhiteElo "2546"]
[BlackElo "2132"]
[PlyCount "59"]
[EventDate "2018.11.12"]
[EventType "swiss"]
[EventRounds "9"]
[EventCountry "POL"]
[SourceTitle "CBM 187 Extra"]
[Source "ChessBase"]
[SourceDate "2018.11.04"]
[SourceVersion "1"]
[SourceVersionDate "2018.11.04"]
[SourceQuality "1"]

1. d4 Nf6 2. c4 e6 3. Nc3 Bb4 4. e3 0-0 5. Bd2 d6 6. Bd3 e5 7. Nge2 Qe7 8. 0-0 Bxc3 9. Nxc3 e4 10. Bc2 Bg4 11. f3 exf3 12. gxf3 Bh3 13. Rf2 c5 14. Kh1 Nc6 15. Qg1 Nh5 16. dxc5 dxc5 17. Ne4 h6 18. Bc3 Be6 19. Rg2 f5 20. Nxc5 Bxc4 21. b3 b6 22. bxc4 bxc5 23. Rg6 Ne5 24. Rxh6 Nxf3 25. Qg6 Nh4 26. Qxh5 gxh6 27. Rg1+ Kh7 28. Rg7+ Qxg7 29. Bxg7 Kxg7 30. Qxh4 1-0

[Event "Warsaw Najdorf Memorial op-A 11th"]
[Site "Warsaw"]
[Date "2013.08.13"]
[Round "9"]
[White "Liberadzki, Slawomir"]
[Black "Malec, Sebastian"]
[Result "1/2-1/2"]
[WhiteElo "2088"]
[BlackElo "2185"]
[PlyCount "50"]
[EventDate "2013.08.05"]
[EventType "swiss"]
[EventRounds "9"]
[EventCountry "POL"]
[SourceTitle "EXT 2014"]
[Source "ChessBase"]
[SourceDate "2013.11.20"]
[SourceVersion "1"]
[SourceVersionDate "2013.11.20"]
[SourceQuality "1"]

1. c4 Nf6 2. Nc3 e6 3. d4 Bb4 4. Bg5 c5 5. d5 d6 6. e4 exd5 7. cxd5 h6 8. Bd2 Bxc3 9. Bxc3 0-0 10. f3 Re8 11. Bb5 Bd7 12. Bxd7 Nbxd7 13. Ne2 b5 14. 0-0 b4 15. Bxf6 Qxf6 16. Qc2 a5 17. Ng3 Nb6 18. Nf5 c4 19. Rad1 h5 20. Rfe1 g6 21. Nd4 a4 22. a3 b3 23. Qc3 Rac8 24. Nb5 Qxc3 25. Nxc3 f6 1/2-1/2

[Event "Warsaw Najdorf Memorial op-B 11th"]
[Site "Warsaw"]
[Date "2013.08.11"]
[Round "7"]
[White "Piotrowski, Arkadiusz"]
[Black "Malec, Sebastian"]
[Result "1-0"]
[WhiteElo "1963"]
[BlackElo "2185"]
[PlyCount "55"]
[EventDate "2013.08.05"]
[EventType "swiss"]
[EventRounds "9"]
[EventCountry "POL"]
[SourceTitle "CBM 155 Extra"]
[Source "ChessBase"]
[SourceDate "2013.08.26"]
[SourceVersion "1"]
[SourceVersionDate "2013.08.26"]
[SourceQuality "1"]

1. d4 Nf6 2. Nf3 g6 3. c4 Bg7 4. Nc3 d5 5. Bf4 c5 6. e3 0-0 7. Be2 cxd4 8. Nxd4 a6 9. 0-0 dxc4 10. Bxc4 Nbd7 11. Bg3 e5 12. Nf3 Nh5 13. Bh4 Qc7 14. Bb3 b6 15. Be7 Nc5 16. Bxf8 Kxf8 17. Bd5 Bb7 18. Bxb7 Qxb7 19. Qd6+ Kg8 20. Nd5 Re8 21. Nc3 Nf6 22. Rad1 h6 23. b4 Ne6 24. Nd5 Ne4 25. Qxb6 Qa8 26. Nc7 Nxc7 27. Qxc7 g5 28. Rd7 1-0

[Event "Warsaw Najdorf Memorial op-A 11th"]
[Site "Warsaw"]
[Date "2013.08.10"]
[Round "6"]
[White "Malec, Sebastian"]
[Black "Warakomska, Anna"]
[Result "0-1"]
[WhiteElo "2185"]
[BlackElo "2095"]
[PlyCount "76"]
[EventDate "2013.08.05"]
[EventType "swiss"]
[EventRounds "9"]
[EventCountry "POL"]
[SourceTitle "CBM 155 Extra"]
[Source "ChessBase"]
[SourceDate "2013.08.26"]
[SourceVersion "1"]
[SourceVersionDate "2013.08.26"]
[SourceQuality "1"]

1. e4 e5 2. Nf3 Nc6 3. Bb5 Nf6 4. d3 d6 5. c3 g6 6. 0-0 Bg7 7. d4 exd4 8. cxd4 0-0 9. d5 Ne7 10. Nc3 Nd7 11. Nd4 a6 12. Be2 c5 13. dxc6 bxc6 14. Bg5 Bb7 15. Nb3 Nf6 16. Qd2 Qc7 17. Qf4 Ne8 18. Bc4 Nc8 19. Qh4 Nb6 20. Be2 f5 21. exf5 Rxf5 22. Bg4 Rf8 23. Na5 Nf6 24. Be6+ Kh8 25. Nxb7 Qxb7 26. Rad1 d5 27. Ne2 Nbd7 28. Nf4 Ne5 29. Rd3 Ne4 30. Rh3 Bf6 31. Bxf6+ Rxf6 32. Rb3 Qg7 33. Nxd5 Rxe6 34. Nb6 Rf8 35. Re3 Nd6 36. Qh3 Nf5 37. Rfe1 Rd6 38. R3e2 Nd3 0-1

[Event "Olsztyn op U18 blitz"]
[Site "Olsztyn"]
[Date "2013.08.03"]
[Round "9"]
[White "Dragun, Kamil"]
[Black "Malec, Sebastian"]
[Result "1-0"]
[WhiteElo "2265"]
[BlackElo "2546"]
[PlyCount "77"]
[EventDate "2013.08.03"]
[EventType "swiss (blitz)"]
[EventRounds "22"]
[EventCountry "POL"]
[SourceTitle "CBM 155 Extra"]
[Source "ChessBase"]
[SourceDate "2013.08.26"]
[SourceVersion "1"]
[SourceVersionDate "2013.08.26"]
[SourceQuality "1"]

1. d4 Nf6 2. c4 e6 3. Nc3 Bb4 4. Qc2 0-0 5. a3 Bxc3+ 6. Qxc3 d6 7. Nf3 Nbd7 8. Bg5 Re8 9. Rd1 Qe7 10. g3 c6 11. Bg2 h6 12. Bc1 Nf8 13. 0-0 Ng6 14. Rfe1 e5 15. e4 Bd7 16. h3 c5 17. d5 b5 18. Nd2 a6 19. b3 Reb8 20. Bb2 Be8 21. Rb1 Nd7 22. Nf1 Nb6 23. Ne3 bxc4 24. Nxc4 Nxc4 25. bxc4 Qb7 26. Bf1 Bd7 27. Kg2 a5 28. Bd3 Qc8 29. h4 a4 30. Ba1 Ne7 31. Rxb8 Rxb8 32. Rb1 Rxb1 33. Bxb1 f5 34. f4 fxe4 35. fxe5 Qb8 36. e6 Nf5 37. exd7 Qxb1 38. d8Q+ Kh7 39. Qd7 1-0

[Event "Olsztyn op U18 blitz"]
[Site "Olsztyn"]
[Date "2013.08.03"]
[Round "10"]
[White "Malec, Sebastian"]
[Black "Dragun, Kamil"]
[Result "0-1"]
[WhiteElo "2546"]
[BlackElo "2265"]
[PlyCount "79"]
[EventDate "2013.08.03"]
[EventType "swiss (blitz)"]
[EventRounds "22"]
[EventCountry "POL"]
[SourceTitle "CBM 155 Extra"]
[Source "ChessBase"]
[SourceDate "2013.08.26"]
[SourceVersion "1"]
[SourceVersionDate "2013.08.26"]
[SourceQuality "1"]

1. e4 c5 2. Nf3 d6 3. d4 Nf6 4. Nc3 cxd4 5. Qxd4 a6 6. Bc4 Nc6 7. Qd3 g6 8. Bb3 Bg7 9. Bg5 0-0 10. 0-0-0 b5 11. Rhe1 Qc7 12. Kb1 Be6 13. Nd5 Nxd5 14. exd5 Bf5 15. Qd2 Ne5 16. Nd4 Bc8 17. f4 Nc4 18. Bxc4 Qxc4 19. Bxe7 Re8 20. Nc6 Bg4 21. Rc1 Qc5 22. h3 Bd7 23. Na5 Rab8 24. Nb3 Qc7 25. Qb4 Bf5 26. Bxd6 Qc4 27. Rxe8+ Rxe8 28. Qxc4 bxc4 29. Na5 c3 30. b4 Be4 31. Rd1 Bxg2 32. Bc5 Re2 33. d6 Bxh3 34. a4 Rd2 35. Kc1 Rxd1+ 36. Kxd1 Bd7 37. Nc4 Bxa4 38. Nb6 Bb5 39. d7 Bf6 40. Nd5 0-1

[Event "Warsaw YMCA Spring 123rd"]
[Site "Warsaw"]
[Date "2013.06.07"]
[Round "9"]
[White "Malec, Sebastian"]
[Black "Liberadzki, Slawomir"]
[Result "1-0"]
[WhiteElo "2170"]
[BlackElo "2073"]
[PlyCount "57"]
[EventDate "2013.04.12"]
[EventType "tourn"]
[EventRounds "11"]
[EventCountry "POL"]
[SourceTitle "EXT 2014"]
[Source "ChessBase"]
[SourceDate "2013.11.20"]
[SourceVersion "1"]
[SourceVersionDate "2013.11.20"]
[SourceQuality "1"]

1. d4 d5 2. c4 e6 3. Nc3 Nf6 4. cxd5 exd5 5. Bg5 Be7 6. Qc2 0-0 7. e3 c6 8. Bd3 Nbd7 9. Nge2 Re8 10. 0-0-0 Ne4 11. Bxe7 Qxe7 12. Bxe4 dxe4 13. Ng3 Nf6 14. Rde1 h5 15. f3 exf3 16. gxf3 Bh3 17. Rhg1 Qe6 18. e4 Rad8 19. e5 Nd5 20. Qd2 Bf5 21. Nce4 Bg6 22. f4 Nxf4 23. Qxf4 Qxa2 24. Nf5 Qa1+ 25. Kc2 Qa4+ 26. Kb1 Rd5 27. Nf6+ Kh8 28. Rxg6 fxg6 29. Nh4 1-0

[Event "Warsaw YMCA Spring 123rd"]
[Site "Warsaw"]
[Date "2013.05.24"]
[Round "7"]
[White "Malec, Sebastian"]
[Black "Kielar, Maciej"]
[Result "1-0"]
[WhiteElo "2170"]
[BlackElo "2121"]
[PlyCount "51"]
[EventDate "2013.04.12"]
[EventType "tourn"]
[EventRounds "11"]
[EventCountry "POL"]
[SourceTitle "EXT 2014"]
[Source "ChessBase"]
[SourceDate "2013.11.20"]
[SourceVersion "1"]
[SourceVersionDate "2013.11.20"]
[SourceQuality "1"]

1. d4 g6 2. c4 Bg7 3. Nc3 c5 4. d5 Nf6 5. Nf3 0-0 6. h3 e6 7. Bf4 exd5 8. cxd5 d6 9. e3 a6 10. a4 b6 11. Nd2 Nh5 12. Bh2 Be5 13. Bxe5 dxe5 14. Nc4 Nd7 15. Be2 Ng7 16. Bf3 Rb8 17. d6 Nf5 18. Be4 Bb7 19. Bxb7 Rxb7 20. Qd5 Rb8 21. 0-0 Re8 22. Rfd1 Re6 23. Qc6 Qc8 24. Qc7 Qb7 25. Nd5 Nxd6 26. Nxd6 1-0

[Event "Warsaw YMCA Spring 123rd"]
[Site "Warsaw"]
[Date "2013.05.23"]
[Round "6"]
[White "Kasperkiewicz, Pawel"]
[Black "Malec, Sebastian"]
[Result "0-1"]
[WhiteElo "2108"]
[BlackElo "2170"]
[PlyCount "112"]
[EventDate "2013.04.12"]
[EventType "tourn"]
[EventRounds "11"]
[EventCountry "POL"]
[SourceTitle "EXT 2014"]
[Source "ChessBase"]
[SourceDate "2013.11.20"]
[SourceVersion "1"]
[SourceVersionDate "2013.11.20"]
[SourceQuality "1"]

1. e4 c5 2. c3 d5 3. exd5 Qxd5 4. d4 Nf6 5. Nf3 g6 6. Na3 Bg7 7. Nb5 Na6 8. Be2 cxd4 9. Qxd4 Qxd4 10. Nfxd4 0-0 11. 0-0 e5 12. Nb3 Ne4 13. Be3 b6 14. f3 Nec5 15. Rfd1 Na4 16. Rd2 Be6 17. Rad1 Rfb8 18. Nd6 N6c5 19. Bc4 Bxc4 20. Nxc4 Ne6 21. Rd5 Rd8 22. Bc1 Rxd5 23. Rxd5 Rd8 24. Rxd8+ Nxd8 25. Nbd2 f5 26. Nf1 Kf7 27. Kf2 Ke6 28. Ke2 Nc6 29. Kd3 e4+ 30. fxe4 Nc5+ 31. Kc2 Nxe4 32. Bf4 g5 33. Be3 f4 34. Bc1 b5 35. Ncd2 Nf2 36. h3 h5 37. Nh2 Kf5 38. Ndf3 Bf6 39. Ne1 Ke4 40. Nhf3 Ne5 41. Nxe5 Bxe5 42. Nf3 Bf6 43. b3 g4 44. hxg4 hxg4 45. Nd2+ Kf5 46. Ba3 Ne4 47. Nxe4 Kxe4 48. Bc5 a6 49. c4 bxc4 50. bxc4 Bd4 51. Bd6 f3 52. gxf3+ gxf3 53. Kd2 Be3+ 54. Ke1 Kd4 55. c5 Kd5 56. a4 Bxc5 0-1

[Event "Warsaw-ch opA 66th"]
[Site "Warsaw"]
[Date "2013.05.16"]
[Round "6"]
[White "Harazinska, Ewa"]
[Black "Malec, Sebastian"]
[Result "1/2-1/2"]
[WhiteElo "2070"]
[BlackElo "2170"]
[PlyCount "43"]
[EventDate "2013.05.11"]
[EventType "swiss"]
[EventRounds "9"]
[EventCountry "POL"]
[SourceTitle "CBM 154 Extra"]
[Source "ChessBase"]
[SourceDate "2013.06.25"]
[SourceVersion "2"]
[SourceVersionDate "2013.06.25"]
[SourceQuality "1"]

1. d4 Nf6 2. c4 g6 3. Nc3 d5 4. Nf3 Bg7 5. cxd5 Nxd5 6. e4 Nxc3 7. bxc3 c5 8. Be3 0-0 9. Rc1 b6 10. d5 Bg4 11. c4 Qd6 12. Be2 Nd7 13. Nd2 Bxe2 14. Qxe2 e5 15. 0-0 f5 16. f3 f4 17. Bf2 g5 18. a4 a5 19. g4 Qg6 20. Nb1 Rf6 21. Nc3 Bf8 22. Nb5 1/2-1/2

[Event "Warsaw YMCA Spring 123rd"]
[Site "Warsaw"]
[Date "2013.04.16"]
[Round "2"]
[White "Szefer, Michal"]
[Black "Malec, Sebastian"]
[Result "0-1"]
[WhiteElo "1992"]
[BlackElo "2170"]
[PlyCount "96"]
[EventDate "2013.04.12"]
[EventType "tourn"]
[EventRounds "11"]
[EventCountry "POL"]
[SourceTitle "EXT 2014"]
[Source "ChessBase"]
[SourceDate "2013.11.20"]
[SourceVersion "1"]
[SourceVersionDate "2013.11.20"]
[SourceQuality "1"]

1. e4 c5 2. Nf3 d6 3. d4 cxd4 4. Nxd4 Nf6 5. Nc3 a6 6. Bg5 Nbd7 7. f4 Qc7 8. Qf3 h6 9. Bxf6 Nxf6 10. h3 g6 11. 0-0-0 Bg7 12. Kb1 Bd7 13. g4 e6 14. h4 Rc8 15. Bh3 h5 16. g5 Ng4 17. Bxg4 hxg4 18. Qd3 Qc4 19. Qe3 b5 20. f5 b4 21. f6 Bxf6 22. gxf6 bxc3 23. b3 Qc5 24. Rd3 Qe5 25. Rxc3 Rxc3 26. Qxc3 Qxf6 27. Qb4 e5 28. Ne2 0-0 29. h5 Qf3 30. Qe1 Qxe4 31. hxg6 Qxg6 32. Qh4 Kg7 33. Ng3 f6 34. Nh5+ Kf7 35. Qf2 Rh8 36. Ng3 Rxh1+ 37. Nxh1 f5 38. Ng3 f4 39. Ne2 Qe4 40. Qa7 Qxe2 41. Qxd7+ Kf6 42. Qxd6+ Kf5 43. Qd7+ Ke4 44. Qc6+ Ke3 45. Qc5+ Kf3 46. Qc3+ Kg2 47. Qc6+ e4 48. Qg6 g3 0-1

[Event "Mazowiec-chT 1213"]
[Site "Poland"]
[Date "2013.02.17"]
[Round "8.11"]
[White "Harazinska, Ewa"]
[Black "Malec, Sebastian"]
[Result "0-1"]
[WhiteElo "2019"]
[BlackElo "2171"]
[PlyCount "98"]
[EventDate "2013.01.13"]
[EventType "team-tourn"]
[EventRounds "10"]
[EventCountry "POL"]
[SourceTitle "EXT 2019"]
[Source "ChessBase"]
[SourceDate "2018.10.10"]
[SourceVersion "1"]
[SourceVersionDate "2018.10.10"]
[SourceQuality "1"]

1. d4 Nf6 2. c4 e6 3. Nc3 Bb4 4. Qc2 0-0 5. a3 Bxc3+ 6. Qxc3 b6 7. Bg5 Bb7 8. f3 c5 9. dxc5 bxc5 10. Nh3 d6 11. 0-0-0 Qe7 12. Bxf6 gxf6 13. g4 Nc6 14. Nf4 Nd4 15. Nh5 e5 16. Qe3 Kh8 17. Qh6 Rg8 18. Qxf6+ Qxf6 19. Nxf6 Rg6 20. Nd5 Bxd5 21. cxd5 c4 22. Kb1 Rgg8 23. h3 Rgc8 24. Rc1 Rab8 25. Ka2 Rb3 26. Rh2 Rcb8 27. e4 Rxf3 28. Bxc4 Re3 29. Rf2 Kg7 30. Ba6 Rxe4 31. Rc7 Rf8 32. Rxa7 Re3 33. Bf1 e4 34. Ra4 Nb3 35. Ra7 Nc1+ 36. Kb1 Re1 37. Kc2 e3 38. Rf5 Rc8+ 39. Kb1 Nd3+ 40. Ka2 Ne5 41. a4 e2 42. Bxe2 Rxe2 43. Ra5 Rcc2 44. Rb5 Nd3 45. Ka3 Nxb2 46. a5 Re3+ 47. Rb3 Nc4+ 48. Kb4 Re4 49. Kb5 Ra2 0-1